The ergodic theory of lattice subgroups

Shranjeno v:
Bibliografske podrobnosti
Main Authors: Gorodnik, Alexander (Author), Nevo, Amos (Author)
Format: Knjiga
Jezik:angleščina
Izdano: Princeton Princeton University Press 2010
Serija:Annals of Mathematics Studies, 172
Teme:
Oznake: Označite
Brez oznak, prvi označite!

MARC

LEADER 00000cam a2200000 a 4500
001 UCF8242
003 CL-VaPUC
008 130808e20100000us |||||||||||||||||eng|d
020 |a 9780691141855 
082 0 4 |a 515.4  |b GOR  |2 21 
100 0 |a Gorodnik, Alexander  |e author  |9 570333 
700 0 |a Nevo, Amos  |e author  |9 570334 
245 1 4 |a The ergodic theory of lattice subgroups 
300 |a 120 p 
942 |c BK 
945 |d 20130808 11:32:00  |a cmena 
260 |a Princeton  |b Princeton University Press  |c 2010 
650 0 |a Teoría ergódica  |9 270156 
650 0 |a Grupos de Lie   |9 271231 
650 0 |a Análisis armónico  |9 269929 
583 |a last modification  |c 20130808 11:32:00  |k Rodrigo Vera 
490 0 |a Annals of Mathematics Studies, 172 
999 |c 352864  |d 352862 
952 |0 0  |1 0  |4 0  |6 515_400000000000000_GOR_2010  |7 0  |8 A  |9 457598  |a BIBMAT  |b BIBMAT  |d 2019-11-22  |i 4993012  |o 515.4 GOR 2010  |p 4993012  |r 2025-01-07  |w 2019-11-22  |y BK  |k MAT